Make no mistake (Record no. 71948)
[ view plain ]
| 000 -LEADER | |
|---|---|
| fixed length control field | 01830cam a2200229 4500 |
| 001 - CONTROL NUMBER | |
| control field | ABS66369 |
| 008 - FIXED-LENGTH DATA ELEMENTS--GENERAL INFORMATION | |
| fixed length control field | 030121n2003 000 0 eng u |
| 035 ## - SYSTEM CONTROL NUMBER | |
| System control number | (Sirsi) u121087 |
| 100 ## - MAIN ENTRY--PERSONAL NAME | |
| Personal name | Murdoch, J. |
| 245 ## - TITLE STATEMENT | |
| Title | Make no mistake |
| 260 ## - PUBLICATION, DISTRIBUTION, ETC. | |
| Date of publication, distribution, etc. | 2003 |
| 490 ## - SERIES STATEMENT | |
| Series statement | Estates Gazette |
| Volume/sequential designation | (0303) 18 January 2003, 124(1) |
| 520 ## - SUMMARY, ETC. | |
| Summary, etc. | It was settled in "Bell v Lever Bros Ltd" ([1932] AC 161) that a contracting party cannot escape from his or her bargain merely by saying 'I made a mistake when I made this contract'. In "Bell", circumstances existed in which a wrong assumption, shared by both parties, rendered performance of the contract fundamentally different from what was envisaged, that is, that common law will treat the apparent contract as void from the start. However, in "Solle v Butcher"([1950] 1 KB 671), Lord Denning added an important rider to this doctrine, by insisting that, whatever the position at common law, the principles of equity would permit a court, in a case of a mistake, to set aside the contract on terms designed to achieve a fair result. "Great Peace Shipping Ltd v Tsavliris Salvage (International) Ltd" (CA [2002] 3 WLR 1617) disputed the "Solle" ruling as wrong judging that a shared mistake, if sufficiently fundamental, renders a contract void but a less fundamental mistake has no effect at all upon the agreement. The judgment is available at www.courtservice.co.uk. |
| 590 ## - LOCAL NOTE (RLIN) | |
| Local note | ABS |
| 650 ## - SUBJECT ADDED ENTRY--TOPICAL TERM | |
| Topical term or geographic name entry element | COMMON MISTAKE |
| 650 ## - SUBJECT ADDED ENTRY--TOPICAL TERM | |
| Topical term or geographic name entry element | BELL V LEVER BROS |
| 650 ## - SUBJECT ADDED ENTRY--TOPICAL TERM | |
| Topical term or geographic name entry element | SOLLE V BUTCHER |
| 650 ## - SUBJECT ADDED ENTRY--TOPICAL TERM | |
| Topical term or geographic name entry element | GREAT PEACE SHIPPING LTD V TSAVLIRIS SALVAGE (INTERNATIONAL) LTD |
| 690 ## - LOCAL SUBJECT ADDED ENTRY--TOPICAL TERM (OCLC, RLIN) | |
| Topical term or geographic name as entry element | LAW-CASE LAW |
| 856 ## - ELECTRONIC LOCATION AND ACCESS | |
| Uniform Resource Identifier | <a href="https://www.courtservice.gov.uk/View.do?id=1393&searchTerm=%22Great+Peace+Shipping%22&ascending=false&index=0&maxIndex=0">https://www.courtservice.gov.uk/View.do?id=1393&searchTerm=%22Great+Peace+Shipping%22&ascending=false&index=0&maxIndex=0</a> |
| Public note | View the judgment on the Court Service website... |
| 942 ## - ADDED ENTRY ELEMENTS (KOHA) | |
| Suppress in OPAC | 0 |
| Withdrawn status | Lost status | Source of classification or shelving scheme | Damaged status | Not for loan | Home library | Current library | Shelving location | Date acquired | Total Checkouts | Full call number | Barcode | Date last seen | Copy number | Price effective from | Koha item type |
|---|---|---|---|---|---|---|---|---|---|---|---|---|---|---|---|
| Dewey Decimal Classification | London | London | News article | 21/01/2003 | ABS66369 | 121087-1001 | 06/08/2019 | 1 | 06/08/2019 | Journal article |